00675nam a2200217Ia 4500003000900000008004100009040001300050040001300063041000800076100001500084100001200099245001400111250000900125260001800134260000900152300000900161300001200170490005000182490000600232600021900238IT-RoPAU120407s9999 xx 000 0 und d aIT-RoPAU cIT-RoPAU aita aAugustinus csanctus aDialoghi. aRoma aCittà Nuova c1970 bill. c23.5 cm aN. biblioteca Agostiniana Opere S. Agostino,3 v2 a"1° vol. La controversia accademica,La felicità, L’ordine, I soliloqui, L’immortalità dell’anima. LIII, 594 p 2° vol. la grandezza dell’anima, Il libero arbitrio, La Musica, Il maestro. XXXII, 846 p."